00522nam a22001577a 450000500170000001000150001702000250003203500140005703700130007108200080008424500470009226000380013927000610017730000210023850501050025920170619154915.0 aENG-118871 a9789386296825c88.00 aEN-102403 bDBAD/PUB a485 aEngage with english /cby Board of Editors aTelanganabOrient Blackswanc2016 a3-6-752 Himayatnagar, Hyderabad-500029, Telangana, India a146pc24cm.(pbk) aPrepared for UG general english, semester II, as per the revised andhra pradesh common core syllabus